| 000 | 00636nam a2200181 a 4500 | ||
|---|---|---|---|
| 005 | 20140412111259.0 | ||
| 008 | 010309s19uu xx 00 eng d | ||
| 020 | _a971-121-065-7 | ||
| 050 |
_aFil 398.2 _bA43 1981 |
||
| 100 | _aAngeles, Alberta | ||
| 245 |
_aSi Langgam at si tipaklong : _bmay magandang bukas and marunong magsikap / _cmuling isinalaysay ni Alberta Angeles ; Guhit ni Renato Gamos. |
||
| 260 |
_aMetro Manila, Philippines : _bChildren's Communication Center, _c1981. |
||
| 300 | _a1 v. (unp.) ; ill. | ||
| 440 | _aAklat Adarna | ||
| 650 |
_aFolk Tales _xPhilippines |
||
| 650 | _aChildren stories | ||
| 999 |
_c103297 _d103297 |
||